Limba Romana - Statistics

General Stats
  • This quiz has been taken 9 times
  • The average score is 8 of 15
Answer Stats
Hint Answer % Correct
Mar Apple
100%
limba Language
89%
chel Bald
78%
patrat Square
78%
Vaca Cow
67%
cal Horse
67%
casa House
67%
bani Money
67%
gatit Cooking
56%
dreptunghi Rectangle
56%
Drept Straight
22%
o runda Roundabout
11%
piele Skin Leather
11%
La stanga Turn Left
11%
La dreapta Turn Right
11%
No matching quizzes found
Score Distribution
Percent of People with Each Score
Percentile by Number Answered
Your Score History
You have not taken this quiz